000 00914nam a2200277 i 4500
001 112875
003 SpMaBN
005 20230906185703.0
008 170316s1991 sp acf |||| |dspa d
020 _a84-88186-01-0
080 _a74 Obdulio
100 1 _aFuertes Sánchez, Obdulio.
_952971
245 1 0 _aObdulio /
_cRosa Martínez de Lahidalga.
246 3 6 _aDibujos de Obdulio
_b: la conversión de la existencia cotidiana en sueño creador
246 3 _aFormas plásticas
260 _aMadrid :
_bMRD Grupo,
_c[1991]
300 _a63 p. :
_bil., retr., fot. ;
_c25 cm.
490 1 _aEsquemas
594 _aDatos tomado de sobrecub.
595 _aSuplemento de: Formas plásticas, n. 44.
600 1 7 _aFuertes Sánchez, Obdulio.
_952971
700 1 _aMartínez de Lahidalga, Rosa.
_9162095
830 0 _aEsquemas
_9181678
852 _aES-MaACL
_jL-31285
_z- enc. cart.
999 _c112875
_d112875